Państwa z tą samą literą na obu końcach - Statystyki

Ogólne statystyki
  • Ten quiz został rozwiązany 70 razy
  • Średni wynik to 9 z 11
Statystyki odpowiedzi
Kraj % Poprawnych
Albania
95%
Australia
95%
Austria
95%
Andora
93%
Argentyna
91%
Armenia
86%
Angola
79%
Algieria
78%
Antigua i Barbuda
74%
Arabia Saudyjska
72%
Saint Kitts i Nevis
24%
Nie znaleziono quizów pasujących do podanych kryteriów
Rozkład punktacji
Procent ludzi z każdym wynikiem
Percentyl według liczby udzielonych odpowiedzi
Twoja historia wyników
Nie rozwiązałeś tego quizu